00423nam a2200085Ia 4500008004100000245012700041260000900168300011200177650004800289180130s9999 xx 000 0 und d cAguinis, Herman; Glavas, AnteaWhat corporate environmental sustainability can do for industrial-organizational psychology c2013 aBook title: Green organizations : driving change with I-O psychology--Acession number C18638; pages 379-392 aBUSINESS ENTERPRISES--ENVIRONMENTAL ASPECTS